Gramática latina teórico práctica.

Saved in:
Bibliographic Details
Main Author: Echevarría, Emeterio. Autor, Obispo Prior de Ciudad Real
Other Authors: Goñi, Blas. Autor, Catedrático de Latín-Seminario de Comillas
Format: Unknown
Language:Spanish
Latin
Published: Pamplona Aramburu 1944
Edition:
Textbook Catalogue:MANES:  Library Catalog Search Result
Textbook Classification:
Tags: Add Tag
No Tags, Be the first to tag this record!
Added to:2016-04-26
Changed in:2025-05-07

MARC

LEADER 000000000a22000000004500
001 07461
003 OSt
005 20250507133317.0
008 160427s sp ||||| |||| 00| 0 spa d
040 |c centro_manes 
041 1 |a spa  |a lat 
561 |5 es-CICE  |a España. Centro Internacional de la Cultura Escolar  |k MANES 
691 0 |a SE 
100 1 |a Echevarría, Emeterio. Autor, Obispo Prior de Ciudad Real  |9 3806 
700 1 |a Goñi, Blas. Autor, Catedrático de Latín-Seminario de Comillas  |9 3807 
245 0 0 |a Gramática latina teórico práctica. 
250 |a 9ª 
260 3 |a Pamplona  |b Aramburu  |c 1944 
300 |a 520 p.  |c 21,5 x 14,5 cm 
500 |a Editado en Cartoné. 
690 0 |a LC 
942 |2 ddc  |c BK 
546 |a España 
999 |c 13435  |d 13435 
999 |c manes:13435  |d 13435